004500000a2200133000450024501180000004100130011865000140013165000250014565000190017065100130018965300250020210000310022777300580025810aOccurrence of the mangrove, Pelliciera Rhizophorae, on the caribbean coast of Colombia with biogeographical notes0 aInglés14aEndemismo14aEstatus taxonómico14aBiogeografía 4pColombia fTheaceaegPelliciera1 aCalderón Sáez, Eduardo1 tBulletin of Marine Science3158h1q105-110d1984g35